000 00505nam a2200157 i 4500
001 40799
003 ES-MaACL
007 t|
008 030307s1888 sp ||||1| spa d
100 1 _aCarey, H. C.
_935236
245 1 0 _aPrincipios de ciencia social /
_cpor H. C. Carey ; compendiados de la edición de Filadelfia de 1883 por Miguel Cabezas.
260 _aMadrid :
_b[s.n.,
_c1888] (
_fTip. Ricardo Fé)
300 _a517 p. ;
_c21 cm.
700 1 _aCabezas, Miguel.
_933201
852 _aES-MaACL
_jG-1609
999 _c40799
_d40799